Normal view
MARC view
Entry Personal Name
001 - CONTROL NUMBER
- control field: 1237328
003 - CONTROL NUMBER IDENTIFIER
- control field: OSt
005 - DATE AND TIME OF LATEST TRANSACTION
- control field: 20260430150400.0
008 - FIXED-LENGTH DATA ELEMENTS
- fixed length control field: 260430|| aca||aabn | a|a d
040 ## - CATALOGING SOURCE
- Original cataloging agency: OSt
- Transcribing agency: OSt
100 ## - HEADING--PERSONAL NAME
- Personal name: Arun Kumar Au.; Pankaj Gupta Gu.; Mehlawat Mukesh Kumar Gu
670 ## - SOURCE DATA FOUND
- Source citation: Work cat.: (OSt)1849652: Arun Kumar Au.; Pankaj Gupta Gu.; Mehlawat Mukesh Kumar Gu., Multiple Criteria Portfolio Selection and Evaluation Under a Fuzzy Environment Using Data Envelopment Analysis, 2023
